Finish The Lyrics - Christmas Songs 2 - Statistics

General Stats
  • This quiz has been taken 90 times
    88 since last reset
  • The average score is 5 of 10
Answer Stats
Hint Answer % Correct
"LAST CHRISTMAS" by Wham!Last Christmas, I gave you my heart But the very next day, you gave it away This year, to save me from tears I'll give it to someone _______ special
92%
"RUDOLPH THE RED-NOSED REINDEER"Rudolph, the red-nosed reindeer Had a very shiny nose And if you ever saw it You would even say it _______ glow
91%
"WINTER WONDERLAND" by Dean MartinSleigh bells ring, are you listening? In the lane, snow is _______ A beautiful sight, we're happy tonight Walking in a winter wonderland glistening
75%
"HAPPY XMAS (WAR IS OVER)" by John LennonSo this is Christmas And what have you done? Another year over, and a new one just _______ And so this is Christmas I hope you have fun begun
69%
"SLEIGH RIDE" by The Ronettes Just hear those sleigh bells jingling, ring-ting-tingling too Come on, it's lovely weather for a sleigh ride together with you Outside the snow is _______ and friends are calling "Yoo-hoo!" falling
66%
"DECK THE HALLS" (Traditional)Deck the halls with boughs of _______ Fa-la-la-la-la, la-la-la-la 'Tis the season to be _______ Fa-la-la-la-la, la-la-la-la holly jolly
56%
"CHRISTMAS (BABY PLEASE COME HOME)" by Darlene LoveThe snow's coming down I'm ________ it fall Lots of people around Baby, please come home watching
51%
"MERRY CHRISTMAS EVERYBODY" by Slade So here it is, Merry Christmas Everybody's having fun Look to the ______ now, it's only just begun What will your daddy do? future
25%
"DO THEY KNOW IT'S CHRISTMAS?" by Band Aid It's Christmas time, there's no need to be afraid At Christmas time, we let in light and we banish _______ And in our world of plenty, we can spread a smile of joy Throw your arms around the world at Christmas time famine
3%
"JINGLE BELL ROCK" by Bobby Helms Jingle bell, jingle bell, jingle bell rock Jingle bells swing and jingle bells _______ In the frosty air What a bright time, it's the right time To rock the night away glide
0%
No matching quizzes found
Score Distribution
Percent of People with Each Score
Percentile by Number Answered
Your Score History
You have not taken this quiz since the last reset